[Event "Niedersachsen-chT U16"]
[Site "Stade"]
[Date "2007.05.19"]
[Round "6.1"]
[White "Meyer, Moritz"]
[Black "Kusmierek, Phillip"]
[Result "0-1"]
[WhiteElo "1234"]
[BlackElo "1841"]
[PlyCount "72"]
[EventDate "2007.05.17"]
[EventType "team-tourn"]
[EventRounds "7"]
[EventCountry "GER"]
[SourceTitle "EXT 2008"]
[Source "ChessBase"]
[SourceDate "2007.11.25"]
[SourceVersion "1"]
[SourceVersionDate "2007.11.25"]
[SourceQuality "1"]

1. d4 Nf6 2. c4 g6 3. Nc3 Bg7 4. e4 d6 5. Nf3 0-0 6. Be2 e5 7. d5 Nbd7 8. 0-0 Nc5 9. Bd3 Nxd3 10. Qxd3 Ne8 11. Nd2 f5 12. f3 Nf6 13. b4 f4 14. c5 g5 15. Kf2 g4 16. Ke1 Ne8 17. Ke2 Qh4 18. Rh1 Rf6 19. Bb2 Rg6 20. Rag1 Bd7 21. a4 a5 22. b5 dxc5 23. Ba3 Bf8 24. Qc4 Nd6 25. Qb3 Kh8 26. Bxc5 Nxb5 27. Bf2 Nxc3+ 28. Qxc3 Qd8 29. Qxe5+ Bg7 30. Qxf4 Bxa4 31. h3 c6 32. Nc4 Bb5 33. hxg4 Bxc4+ 34. Ke1 cxd5 35. Qf7 Bc3+ 36. Kd1 dxe4+ 0-1

[Event "Niedersachsen-chT U16"]
[Site "Stade"]
[Date "2007.05.18"]
[Round "4.2"]
[White "Eilert, Marius"]
[Black "Meyer, Moritz"]
[Result "0-1"]
[WhiteElo "1435"]
[BlackElo "1234"]
[PlyCount "76"]
[EventDate "2007.05.17"]
[EventType "team-tourn"]
[EventRounds "7"]
[EventCountry "GER"]
[SourceTitle "EXT 2008"]
[Source "ChessBase"]
[SourceDate "2007.11.25"]
[SourceVersion "1"]
[SourceVersionDate "2007.11.25"]
[SourceQuality "1"]

1. e4 c5 2. Nf3 Nc6 3. d4 cxd4 4. Nxd4 Nf6 5. Nc3 e5 6. Nxc6 bxc6 7. a3 Bb7 8. Bg5 d6 9. Be2 Be7 10. 0-0 0-0 11. Kh1 d5 12. Bd3 d4 13. Ne2 c5 14. Ng3 h6 15. Bxf6 Bxf6 16. Nf5 Kh7 17. f4 g6 18. fxe5 Bxe5 19. Qg4 Bc8 20. Qf3 f6 21. Nh4 Qc7 22. Rae1 Be6 23. g3 c4 24. Be2 Rab8 25. Rb1 Rb6 26. b4 Rfb8 27. Ng2 h5 28. Nf4 Bf7 29. Nd5 Bxd5 30. exd5 a5 31. Qe4 Kg7 32. g4 hxg4 33. Qxg4 Bxh2 34. Qxd4 Rh8 35. Qg4 Bg1+ 36. Kg2 Qh2+ 37. Kf3 Rh3+ 38. Ke4 Qe5# 0-1

[Event "Niedersachsen-chT U14"]
[Site "Lingen"]
[Date "2005.05.06"]
[Round "4.1"]
[White "Meyer, Moritz"]
[Black "Bonacic, Jascha"]
[Result "0-1"]
[WhiteElo "1509"]
[BlackElo "1028"]
[PlyCount "94"]
[EventDate "2005.05.05"]
[EventType "team-swiss"]
[EventRounds "5"]
[EventCountry "GER"]
[SourceTitle "EXT 2007"]
[Source "ChessBase"]
[SourceDate "2006.11.23"]
[SourceVersion "1"]
[SourceVersionDate "2006.11.23"]
[SourceQuality "1"]

1. e4 d5 2. exd5 Qxd5 3. Nc3 Qa5 4. Nf3 Nf6 5. d4 Bg4 6. Bd2 e6 7. Be2 Nbd7 8. 0-0 h6 9. Re1 c6 10. h3 Bh5 11. a3 Qc7 12. Qc1 g5 13. Ne5 Bxe2 14. Rxe2 Nh7 15. Nxd7 Qxd7 16. Be3 0-0-0 17. Rd2 f5 18. Rd3 Nf6 19. Ne2 Qc7 20. b4 h5 21. Bxg5 Qg7 22. Bxf6 Qxf6 23. c3 Rg8 24. Rg3 Bh6 25. Qf1 f4 26. Rxg8 Rxg8 27. a4 f3 28. Ng3 h4 29. Ne4 Qf4 30. Nc5 Rxg2+ 31. Qxg2 fxg2 32. Kxg2 Qg5+ 33. Kf1 Qf5 34. Kg2 Qd5+ 35. f3 Qg5+ 36. Kf1 Qg3 37. Re1 Qxf3+ 38. Kg1 Be3+ 39. Rxe3 Qxe3+ 40. Kg2 Qg3+ 41. Kf1 Qxh3+ 42. Ke2 Qg4+ 43. Kd3 h3 44. Kc4 b6 45. Nd3 Qf5 46. Ne5 h2 47. Nxc6 Qd5+ 0-1